<?xml version="1.0" encoding="UTF-8"?>
<record
    xmlns:xsi="http://www.w3.org/2001/XMLSchema-instance"
    xsi:schemaLocation="http://www.loc.gov/MARC21/slim http://www.loc.gov/standards/marcxml/schema/MARC21slim.xsd"
    xmlns="http://www.loc.gov/MARC21/slim">

  <leader>01619nam a22002417a 4500</leader>
  <controlfield tag="005">20251029141522.0</controlfield>
  <controlfield tag="008">      s2516    th                  tha d</controlfield>
  <datafield tag="040" ind1=" " ind2=" ">
    <subfield code="a">NALT</subfield>
  </datafield>
  <datafield tag="041" ind1=" " ind2=" ">
    <subfield code="a">tha</subfield>
  </datafield>
  <datafield tag="050" ind1=" " ind2=" ">
    <subfield code="a">DS 570.6 </subfield>
    <subfield code="b">&#xE14;6 2516</subfield>
  </datafield>
  <datafield tag="100" ind1="0" ind2=" ">
    <subfield code="a">&#xE14;&#xE33;&#xE23;&#xE07;&#xE23;&#xE32;&#xE0A;&#xE32;&#xE19;&#xE38;&#xE20;&#xE32;&#xE1E;,  </subfield>
    <subfield code="c">&#xE2A;&#xE21;&#xE40;&#xE14;&#xE47;&#xE08;&#xE1E;&#xE23;&#xE30;&#xE40;&#xE08;&#xE49;&#xE32;&#xE1A;&#xE23;&#xE21;&#xE27;&#xE07;&#xE28;&#xE4C;&#xE40;&#xE18;&#xE2D; &#xE01;&#xE23;&#xE21;&#xE1E;&#xE23;&#xE30;&#xE22;&#xE32;</subfield>
    <subfield code="9">20579</subfield>
  </datafield>
  <datafield tag="245" ind1="1" ind2="0">
    <subfield code="a">&#xE04;&#xE27;&#xE32;&#xE21;&#xE17;&#xE23;&#xE07;&#xE08;&#xE33; /</subfield>
    <subfield code="c">&#xE2A;&#xE21;&#xE40;&#xE14;&#xE47;&#xE08;&#xE1E;&#xE23;&#xE30;&#xE40;&#xE08;&#xE49;&#xE32;&#xE1A;&#xE23;&#xE21;&#xE27;&#xE07;&#xE28;&#xE4C;&#xE40;&#xE18;&#xE2D; &#xE01;&#xE23;&#xE21;&#xE1E;&#xE23;&#xE30;&#xE22;&#xE32;&#xE14;&#xE33;&#xE23;&#xE07;&#xE23;&#xE32;&#xE0A;&#xE32;&#xE19;&#xE38;&#xE20;&#xE32;&#xE1E;.</subfield>
  </datafield>
  <datafield tag="260" ind1=" " ind2=" ">
    <subfield code="a">&#xE01;&#xE23;&#xE38;&#xE07;&#xE40;&#xE17;&#xE1E;&#xE2F; : </subfield>
    <subfield code="b">&#xE28;&#xE34;&#xE25;&#xE1B;&#xE32;&#xE1A;&#xE23;&#xE23;&#xE13;&#xE32;&#xE04;&#xE32;&#xE23;, </subfield>
    <subfield code="c">2516.</subfield>
  </datafield>
  <datafield tag="300" ind1=" " ind2=" ">
    <subfield code="a">375 &#xE2B;&#xE19;&#xE49;&#xE32; :</subfield>
    <subfield code="b">&#xE20;&#xE32;&#xE1E;&#xE1B;&#xE23;&#xE30;&#xE01;&#xE2D;&#xE1A;</subfield>
  </datafield>
  <datafield tag="600" ind1="0" ind2="0">
    <subfield code="a">&#xE08;&#xE2D;&#xE21;&#xE40;&#xE01;&#xE25;&#xE49;&#xE32;&#xE40;&#xE08;&#xE49;&#xE32;&#xE2D;&#xE22;&#xE39;&#xE48;&#xE2B;&#xE31;&#xE27;, </subfield>
    <subfield code="c">&#xE1E;&#xE23;&#xE30;&#xE1A;&#xE32;&#xE17;&#xE2A;&#xE21;&#xE40;&#xE14;&#xE47;&#xE08;&#xE1E;&#xE23;&#xE30;,</subfield>
    <subfield code="d">2347-2411</subfield>
    <subfield code="9">11347</subfield>
  </datafield>
  <datafield tag="600" ind1="0" ind2="0">
    <subfield code="a">&#xE08;&#xE38;&#xE25;&#xE08;&#xE2D;&#xE21;&#xE40;&#xE01;&#xE25;&#xE49;&#xE32;&#xE40;&#xE08;&#xE49;&#xE32;&#xE2D;&#xE22;&#xE39;&#xE48;&#xE2B;&#xE31;&#xE27;, </subfield>
    <subfield code="c">&#xE1E;&#xE23;&#xE30;&#xE1A;&#xE32;&#xE17;&#xE2A;&#xE21;&#xE40;&#xE14;&#xE47;&#xE08;&#xE1E;&#xE23;&#xE30;, </subfield>
    <subfield code="d">2396-2453</subfield>
    <subfield code="9">4399</subfield>
  </datafield>
  <datafield tag="600" ind1="0" ind2="0">
    <subfield code="a">&#xE14;&#xE33;&#xE23;&#xE07;&#xE23;&#xE32;&#xE0A;&#xE32;&#xE19;&#xE38;&#xE20;&#xE32;&#xE1E;,  </subfield>
    <subfield code="c">&#xE2A;&#xE21;&#xE40;&#xE14;&#xE47;&#xE08;&#xE1E;&#xE23;&#xE30;&#xE40;&#xE08;&#xE49;&#xE32;&#xE1A;&#xE23;&#xE21;&#xE27;&#xE07;&#xE28;&#xE4C;&#xE40;&#xE18;&#xE2D; &#xE01;&#xE23;&#xE21;&#xE1E;&#xE23;&#xE30;&#xE22;&#xE32;, </subfield>
    <subfield code="d">2405-2486</subfield>
    <subfield code="9">22248</subfield>
  </datafield>
  <datafield tag="651" ind1=" " ind2="0">
    <subfield code="a">&#xE44;&#xE17;&#xE22;</subfield>
    <subfield code="x">&#xE1B;&#xE23;&#xE30;&#xE27;&#xE31;&#xE15;&#xE34;&#xE28;&#xE32;&#xE2A;&#xE15;&#xE23;&#xE4C; </subfield>
    <subfield code="y">&#xE01;&#xE23;&#xE38;&#xE07;&#xE23;&#xE31;&#xE15;&#xE19;&#xE42;&#xE01;&#xE2A;&#xE34;&#xE19;&#xE17;&#xE23;&#xE4C;</subfield>
    <subfield code="y">&#xE23;&#xE31;&#xE0A;&#xE01;&#xE32;&#xE25;&#xE17;&#xE35;&#xE48; 4, 2394-2411 </subfield>
    <subfield code="9">14141</subfield>
  </datafield>
  <datafield tag="651" ind1=" " ind2="0">
    <subfield code="a">&#xE44;&#xE17;&#xE22;</subfield>
    <subfield code="x">&#xE1B;&#xE23;&#xE30;&#xE27;&#xE31;&#xE15;&#xE34;&#xE28;&#xE32;&#xE2A;&#xE15;&#xE23;&#xE4C;</subfield>
    <subfield code="y">&#xE01;&#xE23;&#xE38;&#xE07;&#xE23;&#xE31;&#xE15;&#xE19;&#xE42;&#xE01;&#xE2A;&#xE34;&#xE19;&#xE17;&#xE23;&#xE4C;</subfield>
    <subfield code="y">&#xE23;&#xE31;&#xE0A;&#xE01;&#xE32;&#xE25;&#xE17;&#xE35;&#xE48; 5, 2411-2453</subfield>
    <subfield code="9">4578</subfield>
  </datafield>
  <datafield tag="850" ind1=" " ind2=" ">
    <subfield code="a">NALT</subfield>
  </datafield>
  <datafield tag="856" ind1="4" ind2="0">
    <subfield code="u">https://hdl.handle.net/20.500.14156/361283</subfield>
  </datafield>
  <datafield tag="942" ind1=" " ind2=" ">
    <subfield code="c">RRB</subfield>
    <subfield code="2">lcc</subfield>
  </datafield>
  <datafield tag="999" ind1=" " ind2=" ">
    <subfield code="c">629</subfield>
    <subfield code="d">629</subfield>
  </datafield>
  <datafield tag="998" ind1=" " ind2=" ">
    <subfield code="j">4612</subfield>
    <subfield code="k"> &#xE19;&#xE32;&#xE07;&#xE2A;&#xE32;&#xE27;&#xE27;&#xE31;&#xE25;&#xE22;&#xE32;  &#xE1E;&#xE38;&#xE48;&#xE21;&#xE15;&#xE49;&#xE19;&#xE27;&#xE07;&#xE04;&#xE4C;</subfield>
  </datafield>
  <datafield tag="952" ind1=" " ind2=" ">
    <subfield code="0">0</subfield>
    <subfield code="1">0</subfield>
    <subfield code="2">lcc</subfield>
    <subfield code="4">0</subfield>
    <subfield code="7">0</subfield>
    <subfield code="8">CRRB</subfield>
    <subfield code="a">NALT</subfield>
    <subfield code="b">NALT</subfield>
    <subfield code="l">0</subfield>
    <subfield code="o">DS 570.6 &#xE14;6 2516</subfield>
    <subfield code="p">3961112796</subfield>
    <subfield code="r">2017-06-09 00:00:00</subfield>
    <subfield code="w">2017-06-09</subfield>
    <subfield code="y">RRB</subfield>
  </datafield>
</record>
